000 00266nam a22001097a 4500
008 170120b xxu||||| |||| 00| 0 eng d
020 _a9781449641511
041 _aeng
080 _27TH
_a618.2
245 _aEMERGENCY CARE IN THE STREETS
_cPOLLAK, A.N
942 _2udc
_cBK
999 _c3221
_d3221